UM Logo

Life Satisfaction Trajectories During Adolescence and the Transition to Young Adulthood : (Record no. 24390)

MARC details
000 -LEADER
fixed length control field 00966nam a22002057a 4500
003 - CONTROL NUMBER IDENTIFIER
control field OSt
005 - DATE AND TIME OF LATEST TRANSACTION
control field 20260302194027.0
008 - FIXED-LENGTH DATA ELEMENTS--GENERAL INFORMATION
fixed length control field 260302b |||||||| |||| 00| 0 eng d
040 ## - CATALOGING SOURCE
Transcribing agency 0
082 ## - DEWEY DECIMAL CLASSIFICATION NUMBER
Edition number DPer 155.205 J826 January-February 2021 v. 120 n. 1-2
100 ## - MAIN ENTRY--PERSONAL NAME
Personal name Willroth, Emily C.
Relator term author.
9 (RLIN) 57993
245 ## - TITLE STATEMENT
Title Life Satisfaction Trajectories During Adolescence and the Transition to Young Adulthood :
Remainder of title Findings From a longitudinal Study of Mexican-Origin Youth /
Statement of responsibility, etc. Emily C. Willroth and Olivia E. Atherton and Richard W. Robins.
260 ## - PUBLICATION, DISTRIBUTION, ETC. (IMPRINT)
Place of publication, distribution, etc. Washington ;
Name of publisher, distributor, etc. American Psychological Association ,
Date of publication, distribution, etc. January 2021.
300 ## - PHYSICAL DESCRIPTION
Extent Volume 120, pages 192-205 :
Other physical details illustration ;
Dimensions 28 cm.
500 ## - GENERAL NOTE
General note Journal of Personality and Social Psychology, vol. 120, no. 1, pages 192-205, January 2021.
700 ## - ADDED ENTRY--PERSONAL NAME
Personal name Willroth, Emily C.
Relator term author.
9 (RLIN) 57993
700 ## - ADDED ENTRY--PERSONAL NAME
Personal name Atherton, Olivia E.
Relator term author.
9 (RLIN) 57859
700 ## - ADDED ENTRY--PERSONAL NAME
Personal name Robins, Richard W.
Relator term author.
9 (RLIN) 57862
942 ## - ADDED ENTRY ELEMENTS (KOHA)
Source of classification or shelving scheme Dewey Decimal Classification
Koha item type Periodicals
Holdings
Withdrawn status Lost status Source of classification or shelving scheme Damaged status Not for loan Home library Current library Date acquired Total Checkouts Date last seen Price effective from Koha item type
    Dewey Decimal Classification     UM Digos College - LIC UM Digos College - LIC 03/02/2026   03/02/2026 03/02/2026 Periodicals